000 004770000a22001810004500
003 MACL
005 20160121155737.0
008 160121b xxu||||| |||| 00| 0 eng d
040 _aMACL
_cMACL
041 _aEnglish
082 _a375/CHO
100 _aChopra, Ravi
_933688
245 _aStaff Selection Commission's Stenographers Grade C And D
260 _bRadhika Publication
_c2001
_aNew Delhi
350 _a125
650 _aEducation
_933938
942 _cBK
_k378/CHO
_2ddc
999 _c31363
_d31363